Số mệnh ai đặt bày
Saved in:
| Main Author: | |
|---|---|
| Other Authors: | , |
| Format: | Book |
| Published: |
Tp. Hồ Chí Minh
[NXB Tp. Hồ Chí Minh]
1985
|
| Subjects: | |
| Tags: |
Add Tag
No Tags, Be the first to tag this record!
|
| Institutions: | Trung tâm Học liệu Lê Vũ Hùng, Trường Đại học Đồng Tháp |
|---|
| LEADER | 00763pam a22002298a 4500 | ||
|---|---|---|---|
| 001 | 00020781 | ||
| 005 | 20171026081022.0 | ||
| 008 | 110519s1985 ||||||Viesd | ||
| 041 | 0 | # | |a Vie |
| 082 | 1 | 4 | |a 895.922 3 |b S450M |
| 100 | 0 | # | |a Trần Hữu Phước |
| 245 | 0 | 0 | |a Số mệnh ai đặt bày |c Trần Hữu Phước, Vạn Xuân, Sơn Nam |
| 260 | # | # | |a Tp. Hồ Chí Minh |b [NXB Tp. Hồ Chí Minh] |c 1985 |
| 300 | # | # | |a 213 tr. |c 19 cm. |
| 653 | # | # | |a Truyện ngắn |
| 653 | # | # | |a Văn học |
| 700 | 0 | # | |a Sơn Nam |
| 700 | 0 | # | |a Vạn Xuân |
| 852 | # | # | |b Kho đọc |j KD.0006177 |
| 852 | # | # | |j KD.0006177 |
| 910 | 0 | # | |a Đức |d 19/05/2011 |
| 980 | # | # | |a Trung tâm Học liệu Lê Vũ Hùng, Trường Đại học Đồng Tháp |